00676nam a22002177a 450000500170000001000150001702000260003203500130005803700130007108200130008410000190009724500390011625000110015526000330016627000460019930000240024550000190026994200270028899900170031595201260033220140811110754.0 aENG-110353 a9789350621752c450.00 aEN-93885 bDBAD/PUB a346.5407 aGulshan, S. S. aMercantile law /cby S. S. Gulshan a4th ed aNew DelhibExcel Booksc2013 aA-45, Naraina, Phase IbNew Delhie110028 aix,728p.c28cm(pbk) aIncludes index 2ddccENmGULh346.5407 c86292d86292 001040718NFICaDBADbDBADd2014-07-02eDBAD/PUBg450.00l0o346.5407 GULpEN-93885r2014-07-02 00:00:00t1v450.00yEN